The Basic practice of statistics / (Record no. 18344)

MARC details
000 -LEADER
fixed length control field 00831nam a22002652 4500
001 - CONTROL NUMBER
control field 0000004302
003 - CONTROL NUMBER IDENTIFIER
control field OSt
005 - DATE AND TIME OF LATEST TRANSACTION
control field 20200723120414.0
008 - FIXED-LENGTH DATA ELEMENTS--GENERAL INFORMATION
fixed length control field 070522s xx 000 0 eng d
020 ## - INTERNATIONAL STANDARD BOOK NUMBER
International Standard Book Number 1319187637
040 ## - CATALOGING SOURCE
Original cataloging agency KABU
Transcribing agency KABU
050 #0 - LIBRARY OF CONGRESS CALL NUMBER
Classification number QA276.12
Item number .M66 2018
100 1# - MAIN ENTRY--PERSONAL NAME
Personal name Moore, David S.
245 14 - TITLE STATEMENT
Title The Basic practice of statistics /
Statement of responsibility, etc. David S. Moore, William I. Notz, Michael A. Fligner
250 ## - EDITION STATEMENT
Edition statement 8th ed.
260 ## - PUBLICATION, DISTRIBUTION, ETC. (IMPRINT)
Place of publication, distribution, etc. New York :
Name of publisher, distributor, etc. Macmillan Education
Date of publication, distribution, etc. c2018
300 ## - PHYSICAL DESCRIPTION
Extent xxiii, 775 p. :
Other physical details col. ill. ;
Dimensions 26 cm. +
500 ## - GENERAL NOTE
General note Includes indexes.
650 #0 - SUBJECT ADDED ENTRY--TOPICAL TERM
Topical term or geographic name as entry element Statistics.
700 ## - ADDED ENTRY--PERSONAL NAME
Personal name Notz, William I.
700 ## - ADDED ENTRY--PERSONAL NAME
Personal name Fligner, Michael A.
908 ## - PUT COMMAND PARAMETER (RLIN)
Put command parameter 070522
942 ## - ADDED ENTRY ELEMENTS (KOHA)
Source of classification or shelving scheme Library of Congress Classification
Koha item type General Collection
Classification part QA276.12
Item part .M66 2018
Holdings
Withdrawn status Lost status Source of classification or shelving scheme Not for loan Home library Current library Date acquired Cost, normal purchase price Total Checkouts Full call number Barcode Date last seen Date last checked out Copy number Price effective from Koha item type
    Library of Congress Classification   Kabarak, Main Campus Kabarak, Main Campus 23/07/2020 7026.64 3 QA276.12 .M66 2018 c. 1 030277 24/07/2025 16/07/2025 c. 1 23/07/2020 General Collection
    Library of Congress Classification   Kabarak, Main Campus Kabarak, Main Campus 23/07/2020 7026.64   QA276.12 .M66 2018 c. 2 030278 23/07/2020   c. 2 23/07/2020 General Collection
    Library of Congress Classification   Kabarak, Nakuru City Campus Kabarak, Main Campus 23/07/2020 7026.64 1 QA276.12 .M66 2018 c. 1 030279 11/02/2025 22/11/2024 c. 1 23/07/2020 General Collection
Designed with assistance from East African Informatics Ltd